Imperfect

Bibliographic Details
Main Author: Nurdiana Saad
Format: Book
Published: Selangor : The Hamare Project Collection , 2022
Subjects:

MARC

LEADER 00000cam a2200000 7i4500
001 0000090664
005 20230125095031.0
008 221214
020 |a 9789672455660 
041 |a Malay 
090 0 0 |a 808.882   |b NUR 
100 0 |a Nurdiana Saad 
245 0 0 |a Imperfect   |c Nurdiana Saad 
260 |a Selangor :   |b The Hamare Project Collection ,   |c 2022 
300 |a 251 p. :   |b ill. ;   |c 21 cm. 
541 |c Purchased on 2022   |f NMR   |h RM40.00 
650 0 |a Motivation (Psychology)   |x Anecdotes 
650 0 |a Nurdiana Saad   |x Anecdotes 
999 |a 0001700588   |b Book   |c Adult Collection   |e Perbadanan Perpustakaan Awam Johor 
999 |a 0001707108   |b Book   |c Adult Collection   |e Desa - PPAJ 
999 |a 0001707109   |b Book   |c Adult Collection   |e Desa - PPAJ 
999 |a 0001707110   |b Book   |c Adult Collection   |e Desa - PPAJ 
999 |a 0001707111   |b Book   |c Adult Collection   |e Desa - PPAJ 
999 |a 0001707112   |b Book   |c Adult Collection   |e Desa - PPAJ 
999 |a 0001707113   |b Book   |c Adult Collection   |e Desa - PPAJ 
999 |a 0001707114   |b Book   |c Adult Collection   |e Desa - PPAJ 
999 |a 0001707115   |b Book   |c Adult Collection   |e Desa - PPAJ 
999 |a 0001707116   |b Book   |c Adult Collection   |e Desa - PPAJ 
999 |a 0001707117   |b Book   |c Adult Collection   |e Desa - PPAJ 
999 |a 0001707118   |b Book   |c Adult Collection   |e Desa - PPAJ 
999 |a 0001707119   |b Book   |c Adult Collection   |e Desa - PPAJ 
999 |a 0001707122   |b Book   |c Adult Collection   |e Desa - PPAJ 
999 |a 0001707123   |b Book   |c Adult Collection   |e Desa - PPAJ 
999 |a 0001707124   |b Book   |c Adult Collection   |e Desa - PPAJ 
999 |a 0001707127   |b Book   |c Adult Collection   |e Desa - PPAJ 
999 |a 0001707128   |b Book   |c Adult Collection   |e Desa - PPAJ 
999 |a 0001707129   |b Book   |c Adult Collection   |e Desa - PPAJ 
999 |a 0001707132   |b Book   |c Adult Collection   |e Desa - PPAJ 
999 |a 0001707133   |b Book   |c Adult Collection   |e Desa - PPAJ 
999 |a 0001707134   |b Book   |c Adult Collection   |e Desa - PPAJ 
999 |a 0001707136   |b Book   |c Adult Collection   |e Desa - PPAJ 
999 |a 0001707137   |b Book   |c Adult Collection   |e Desa - PPAJ 
999 |a 0001707138   |b Book   |c Adult Collection   |e Desa - PPAJ 
999 |a 0001707139   |b Book   |c Adult Collection   |e Desa - PPAJ 
999 |a 0001707140   |b Book   |c Adult Collection   |e Desa - PPAJ 
999 |a 0001707141   |b Book   |c Adult Collection   |e Desa - PPAJ 
999 |a 0001707145   |b Book   |c Adult Collection   |e Desa - PPAJ 
999 |a 0001707146   |b Book   |c Adult Collection   |e Desa - PPAJ 
999 |a 0001707147   |b Book   |c Adult Collection   |e Desa - PPAJ 
999 |a 0001707151   |b Book   |c Adult Collection   |e Desa - PPAJ 
999 |a 0001707152   |b Book   |c Adult Collection   |e Desa - PPAJ 
999 |a 0001707153   |b Book   |c Adult Collection   |e Desa - PPAJ 
999 |a 0001707161   |b Book   |c Adult Collection   |e Desa - PPAJ 
999 |a 0001707162   |b Book   |c Adult Collection   |e Desa - PPAJ 
999 |a 0001707163   |b Book   |c Adult Collection   |e Desa - PPAJ 
999 |a 0001707165   |b Book   |c Adult Collection   |e Desa - PPAJ 
999 |a 0001707166   |b Book   |c Adult Collection   |e Desa - PPAJ 
999 |a 0001707167   |b Book   |c Adult Collection   |e Desa - PPAJ 
999 |a 0001707170   |b Book   |c Adult Collection   |e Desa - PPAJ 
999 |a 0001707171   |b Book   |c Adult Collection   |e Desa - PPAJ 
999 |a 0001709179   |b Book   |c Adult Collection   |e Perbadanan Perpustakaan Awam Johor 
999 |a 0001709181   |b Book   |c Adult Collection   |e Cawangan Urban Transformation Centre 
999 |a 0001709182   |b Book   |c Adult Collection   |e Cawangan Urban Transformation Centre 
999 |a 0001709183   |b Book   |c Adult Collection   |e Cawangan AEON Kulaijaya 
999 |a 0001709184   |b Book   |c Adult Collection   |e Cawangan AEON Kulaijaya 
999 |a 0001709185   |b Book   |c Adult Collection   |e Cawangan Muar 
999 |a 0001709186   |b Book   |c Adult Collection   |e Cawangan Bandar Penawar 
999 |a 0001709187   |b Book   |c Adult Collection   |e Cawangan Taman Sri Lambak 
999 |a 0001709188   |b Book   |c Adult Collection   |e Cawangan Tmn. Ungku Tun Aminah 
999 |a 0001709193   |b Book   |c Adult Collection   |e Cawangan Pontian 
999 |a 0001709200   |b Book   |c Adult Collection   |e Cawangan Bandar Tenggara 
999 |a 0001709201   |b Book   |c Adult Collection   |e Cawangan Sri Merlong 
999 |a 0001709202   |b Book   |c Adult Collection   |e Cawangan Bukit Gambir 
999 |a 0001709203   |b Book   |c Adult Collection   |e Cawangan Kota Tinggi 
999 |a 0001709205   |b Book   |c Adult Collection   |e Cawangan Mersing 
999 |a 0001709206   |b Book   |c Adult Collection   |e Cawangan Batu Pahat 
999 |a 0001709207   |b Book   |c Adult Collection   |e Cawangan Segamat 
999 |a 0001709208   |b Book   |c Adult Collection   |e Cawangan Tangkak